Регионална библиотека "Любен Каравелов" - Русе

Верен и безстрашен (Запис номер 142021)

MARC детайли
000 -Лидер
Контролно поле с фиксирана дължина 01666nam a2200361 c 4500
003 - Код на организацията, давaща контролен номер
Контролно поле BLK
005 - Дата и час на последна редакция
Контролно поле 20240610150314.0
008 - Елементи от данни с фиксирана дължина
fixed length control field 180409b bul|||||r ||||||| ||bul||
010 ## - Наследен системен номер
LC control number KNG00148097000
040 ## - Източник на каталожния запис
Идентификатор на билиотеката - собственик на записа BLK
041 ## - Код за език
Код за езика на текст/звукозапис или на отделно заглавие Български
Код за езика КДБФ Български
080 ## - УДК
Текстов определител УДК Българска литература
УДК код - определител по УДК 821.163.2
УДК определител -93-32
УДК - код + определител 821.163.2-93-32
100 1# - Редна дума - Автор
Автор Попова-Мутафова, Фани Добрева
Дати, свързани с автора 1902-1977
Автор - информация (биография) писател
Авторска отговорност първи автор
R(LIN) 366640
139 ## - Редно поле
Редна дума Попова-Мутафова, Фани Добрева
Авторски знак Попов - П 76
245 10 - Сведения за заглавието
Заглавие Верен и безстрашен
Подзаглавни данни Ист. разказ за Ангел Кънчев : За деца
Редно поле (дума) Фани Добрева Попова-Мутафова; худож. Красимира Ангелова Дренска.
257 ## - Страна на издаване
Страна на създаване/издаване България
260 ## - Област на издателските данни
Име на издателя, разпространителя и проч. Отечество
Година на издаване 1976
Печатница София : ДП Балкан
Място на издаване, разпространение и проч. София
300 ## - Физическа характеристика
Страници 32 с.
Илюстрации и др. с ил.
Размери/Мащаб 32 см
380 ## - Жанр
Жанр Детска худож. лит.
490 ## - СЕРИИ (Колекции)
Име на серия Библиотека България древна и млада
9 (RLIN) 203851
500 ## - Общи забележки
Забележка Кор. опис. - 150 100 тир.
600 #0 - Име на лице, използвано като предмет
За него / За нея Кънчев, Ангел
Свързани дати 1850 - 1872
Друга информация Български революционер
Пълна форма на името Ангел Кънчев Ангелов
9 (RLIN) 273671
653 ## - Ключова дума – ненормативна
Ключова дума литература за деца
653 ## - Ключова дума – ненормативна
Ключова дума детска литература
700 ## - Други автори (авторска отговорност)
Лично име Дренска, Красимира Ангелова
9 (RLIN) 316238
852 ## - Местоположение
Форматна сигнатура Цб ІІ 18513
856 4# - Електронен адрес и достъп
Електронен формат pdf - файл
856 4# - Електронен адрес и достъп
Електронен формат pdf - файл
999 ## - СИСТЕМНИ КОНТРОЛНИ НОМЕРА
Koha biblionumber 142021
Koha biblioitemnumber 142021
942 ## - АРТИКУЛИ
Вид на библиотечния материал Книги
Скрит в OPAC Не
Koha issues (borrowed), all copies 3
Периодичен библиозапис Да
944 ## - СЪЗДАВАНЕ И РЕДАКЦИЯ на ЗАПИСА
Създаване/Редакция Създаване
Дата на регистрацията/редакция 01.08.2013
Статус, дата на статуса Мира Стойчева
Служител, извършил регистрацията/редакцията 30532
944 ## - СЪЗДАВАНЕ И РЕДАКЦИЯ на ЗАПИСА
Създаване/Редакция Редакция
Дата на регистрацията/редакция 01.08.2013
Статус, дата на статуса 01.08.2013 - от С1,Р / 01.08.2013
999 ## - СИСТЕМНИ КОНТРОЛНИ НОМЕРА
Koha biblioitemnumber 142021
Наличности
Код за отписване Код за изгубен артикул Източник на класификационната схема Код за повреда Коз за рестрикции Код за отдаване Артикулен № Име на библиотеката - собственик Име на библиотеката, в която се намира в момента Статус (Текущо местоположение) Дата на вписване в системата Местоположение - отдел Цена в лева Инвентарен номер Систематично азбучна сигнатура Баркод Номер на екземпляра Цена в евро Служебна бележка Служебен тип на артикула Бележка за публиката
  Не е изгубен Universal Decimal Classification Не е повреден без рестрикции ползва се в читалня 234528 Регионална библиотека "Любен Каравелов" Русе Регионална библиотека "Любен Каравелов" Русе Хранилище 1976-01-01 Хранилище 0.55 219194 Цб ІІ 18513 120000219194 1 0.28 N: стар фонд Дата: 01.01.1976 Книги  
Изтеглен Не е изгубен   Не е повреден без рестрикции заемане за дома 234529 Регионална библиотека "Любен Каравелов" Русе Регионална библиотека "Любен Каравелов" Русе   1976-01-01 Детски отдел 0.55 219486 ДХ 886.7/П 76 219486 2 0.28 N: стар фонд Дата: 01.01.1976 Дата инв: 18.09.2015 Бележки инв: Д2015 Книги Отч.N: 65/2017 , Дата: 04.12.2017
  Не е изгубен Universal Decimal Classification Не е повреден без рестрикции заемане за дома 234530 Регионална библиотека "Любен Каравелов" Русе Регионална библиотека "Любен Каравелов" Русе Детски отдел 1976-01-01 Детски отдел 0.55 219487 ДХ 886.7/П 76 120000219487 3 0.28 N: стар фонд Дата: 01.01.1976 Дата инв: 17.09.2015 Бележки инв: Д2015 Книги  
  Не е изгубен Universal Decimal Classification Не е повреден без рестрикции заемане за дома 234531 Регионална библиотека "Любен Каравелов" Русе Регионална библиотека "Любен Каравелов" Русе Детски отдел 1976-01-01 Детски отдел 0.55 219494 ДХ 886.7/П 76 120000219494 4 0.28 N: стар фонд Дата: 01.01.1976 Дата инв: 17.09.2015 Бележки инв: Д2015 Книги  
Изтеглен Не е изгубен Universal Decimal Classification Не е повреден без рестрикции заемане за дома 234532 Регионална библиотека "Любен Каравелов" Русе Регионална библиотека "Любен Каравелов" Русе Детски отдел 1976-01-01 Детски отдел 0.55 219498 ДХ 886.7/П 76 219498 5 0.28 N: стар фонд Дата: 01.01.1976 Дата инв: 17.09.2015 Бележки инв: Д2015 Книги  
Изтеглен Не е изгубен   Не е повреден без рестрикции заемане за дома 234533 Регионална библиотека "Любен Каравелов" Русе Регионална библиотека "Любен Каравелов" Русе   1976-01-01 Детски отдел 0.55 219499 ДХ 886.7/П 76 219499 6 0.28 N: стар фонд Дата: 01.01.1976 Дата инв: 17.09.2015 Бележки инв: Д2015 Книги Отч.N: 65/2017 , Дата: 04.12.2017
  Не е изгубен Universal Decimal Classification Не е повреден без рестрикции заемане за дома 234534 Регионална библиотека "Любен Каравелов" Русе Регионална библиотека "Любен Каравелов" Русе Детски отдел 1976-01-01 Детски отдел 0.15 633389 ДХ 886.7/П 76 120000633389 7 0.08 N: стар фонд Дата: 01.01.1976 Дата инв: 17.09.2015 Бележки инв: Д2015 Книги  
Vip Innovations Ltd, Rousse, Bulgaria 2025